• Pie Discepole del Divin Maestro

di Personal Name

Records bibliografici associati: 1

001 - CONTROL NUMBER

  • control field: 25802

003 - CONTROL NUMBER IDENTIFIER

  • control field: IT-RoPau

005 - DATE AND TIME OF LATEST TRANSACTION

  • control field: 20140519154056.0

008 - FIXED-LENGTH DATA ELEMENTS

  • fixed length control field: 140519|| aca||aabn | a|a d

040 ## - CATALOGING SOURCE

  • Original cataloging agency: IT-RoPau
  • Transcribing agency: IT-RoPau

100 ## - HEADING--PERSONAL NAME

  • Personal name: Pie Discepole del Divin Maestro

670 ## - SOURCE DATA FOUND

  • Source citation: Work cat.: (IT-RoPau): Pie Discepole del Divin Maestro, Stato Personale PDDM - II Parte, 1995
CREDITS: SOCIETA' SAN PAOLO Via A.Severo, 58 - ROMA (RM) & PERIODICI SAN PAOLO SRL Via Giotto, 36 MILANO & CISF Via Giotto, 36 MILANO & EDIZIONI SAN PAOLO SRL,  Piazza Soncino, 5 CINISELLO BALSAMO (MI) -- ITALY